LIBRARY & INFORMATION CENTRE, KCAET, TAVANUR

ONLINE PUBLIC ACCESS CATALOGUE (OPAC)

Natural Resource Mapping of KCAET Campus (Record no. 14902)

MARC details
000 -LEADER
fixed length control field 00615nam a22001817a 4500
003 - CONTROL NUMBER IDENTIFIER
control field OSt
088 ## - REPORT NUMBER
Report number P 386
100 ## - MAIN ENTRY--AUTHOR NAME
Personal name ARJUN P
-- ARYA S. ANAND
-- ATHIRA K
245 ## - TITLE STATEMENT
Title Natural Resource Mapping of KCAET Campus
260 ## - PUBLICATION, DISTRIBUTION, ETC. (IMPRINT)
Place of publication Tavanur 2017
Name of publisher Department of Land and Water Resources & Conservation Engineering
300 ## - PHYSICAL DESCRIPTION
Number of Pages 80
500 ## - GENERAL NOTE
General note Natural Resource Mapping of KCAET Campus
520 ## - SUMMARY, ETC.
Summary, etc Natural Resource Mapping of KCAET Campus
700 ## - ADDED ENTRY--PERSONAL NAME
Personal name Dr. Sathian K.K (Guide)
856 ## - ELECTRONIC LOCATION AND ACCESS
Uniform Resource Identifier https://drive.google.com/open?id=16LxMzltbQ43S8Mao0Pro_XPCs-y2N_DB
942 ## - ADDED ENTRY ELEMENTS (KOHA)
Koha item type Project Report
Holdings
Collection code Home library Current library Shelving location Full call number Accession Number Koha item type
Reference KAUAET KAUAET Reference 631.75807 ARJ/NA P 386 Project Report
free website counter